000 00431nam a2200145Ia 4500
008 100122s9999 xx 000 0 und d
082 _b17721
_a823
100 _aसहस्त्रबुध्दे नलिनी
245 _aफुलंगी
260 _bपंडित अनंत कुलकर्णी
_c1971
300 _a274
630 _aफुलंगी
730 _aफुलंगी
942 _cBOOK
999 _c407357
_d407354